[Event "Høstturnering 2003"]
[Site "Ski, Akershus NOR"]
[Date "2003.10.09"]
[Round "2"]
[White "Furnes, Torstein"]
[Black "Pettersen, Erling"]
[Result "1-0"]
[WhiteElo "1494"]
[BlackElo "1323"]
[PlyCount "149"]
[EventDate "2003.09.18"]

1. d4 Nf6 2. c4 e6 3. Nf3 h6 4. Bf4 Bb4+ 5. Nbd2 b6 6. a3 Bxd2+ 7. Qxd2 Bb7 8.
e3 d6 9. Bd3 Nbd7 10. Qe2 Qe7 11. Bc2 e5 12. dxe5 dxe5 13. Bg3 O-O 14. O-O Nh5
15. Rfd1 Nxg3 16. hxg3 e4 17. Nd4 f5 18. Qh5 Qf6 19. Qxf5 Qe7 20. Qe6+ Qf7 21.
Rd2 Nc5 22. Qxf7+ Rxf7 23. b4 Nd7 24. Rad1 Ne5 25. Bb3 Kh8 26. Ne6 Nd3 27. Nf4
Raf8 28. Ng6+ Kh7 29. Nxf8+ Rxf8 30. Bc2 Ne5 31. Bb3 Nd3 32. Kf1 c5 33. bxc5
Nxc5 34. Bc2 Ba6 35. Rd4 Re8 36. f3 Bb7 37. Bxe4+ Nxe4 38. fxe4 Bxe4 39. Rd7
Bc2 40. Rc1 Bb3 41. Rc3 Ba2 42. Rxa7 Rc8 43. a4 Bxc4+ 44. Ke1 Rc5 45. Rd7 Be6
46. Rxc5 Bxd7 47. Rc4 b5 48. axb5 Bxb5 49. Rf4 g5 50. Rf2 Bd3 51. Kd2 Be4 52.
Kc3 Kg6 53. Kd4 Bc6 54. e4 Kh5 55. Rf6 Bb7 56. Ke5 Kg4 57. Rf3 Ba6 58. Kf6 Bb7
59. Re3 Bc6 60. e5 Bxg2 61. e6 Bc6 62. e7 Be8 63. Kg7 h5 64. Kf8 Bd7 65. e8=Q
Bxe8 66. Kxe8 Kf5 67. Kf7 h4 68. gxh4 gxh4 69. Re8 Kg4 70. Rg8+ Kh3 71. Kf6 Kh2
72. Kf5 h3 73. Kf4 Kh1 74. Kf3 h2 75. Ra8 1-0

[Event "Høstturnering 2003"]
[Site "Ski, Akershus NOR"]
[Date "2003.10.02"]
[Round "3"]
[White "Weberg, Øivind"]
[Black "Lea, Per"]
[Result "1-0"]
[WhiteElo "1552"]
[BlackElo "1672"]
[PlyCount "43"]
[EventDate "2003.09.18"]

1. e4 e5 2. Nf3 Nc6 3. Bb5 a6 4. Ba4 Nf6 5. Qe2 b5 6. Bb3 Be7 7. c3 O-O 8. O-O
d6 9. d3 Na5 10. Bc2 c5 11. Nbd2 Qc7 12. Re1 Re8 13. Nf1 Bf8 14. Bg5 Nd7 15.
Ne3 g6 16. Nd5 Qa7 17. Qd2 Bg7 18. a4 bxa4 19. Bxa4 Nb7 20. Ne7+ Kf8 21. Nxc8
Rexc8 22. Bxd7 1-0

[Event "Høstturnering 2003"]
[Site "Ski, Akershus NOR"]
[Date "2003.10.02"]
[Round "3"]
[White "Samset, Jon"]
[Black "Furnes, Torstein"]
[Result "1/2-1/2"]
[WhiteElo "1153"]
[BlackElo "1494"]
[PlyCount "93"]
[EventDate "2003.09.18"]

1. e4 c5 2. Nf3 Nc6 3. Bb5 a6 4. Bxc6 bxc6 5. O-O d5 6. d3 Qc7 7. Bg5 Bg4 8. h3
Bxf3 9. Qxf3 Qe5 10. Bc1 e6 11. Nc3 Bd6 12. g3 Qf6 13. Qxf6 Nxf6 14. f4 Nd7 15.
e5 Bc7 16. a4 Ba5 17. Bd2 Rb8 18. Bc1 O-O 19. Ne2 Rb7 20. b3 d4 21. Ba3 Bb4 22.
Bb2 Nb6 23. f5 exf5 24. Rxf5 Nd5 25. Bc1 Re7 26. Bf4 g6 27. Rg5 f6 28. Rg4 fxe5
29. Bh6 Rf3 30. Re4 Ba5 31. Kg2 Rff7 32. g4 Bc7 33. Re1 Nf6 34. Bg5 Nxe4 35.
Bxe7 Rxe7 36. dxe4 Rf7 37. Nc1 Ba5 38. Re2 Bc7 39. Nd3 Bd6 40. Ne1 Kg7 41. Nf3
h6 42. Nd2 Rf4 43. Nc4 Bc7 44. Re1 Kf7 45. a5 Ke6 46. Re2 Rf8 47. Re1 1/2-1/2

[Event "Høstturnering 2003"]
[Site "Ski, Akershus NOR"]
[Date "2003.10.23"]
[Round "4"]
[White "Moberg, Jan Rune"]
[Black "Furnes, Torstein"]
[Result "0-1"]
[WhiteElo "1552"]
[BlackElo "1494"]
[PlyCount "76"]
[EventDate "2003.09.18"]

1. c4 Nf6 2. Nf3 e6 3. g3 d5 4. Bg2 Be7 5. O-O O-O 6. d3 c5 7. Nbd2 Nc6 8. a3
d4 9. Qc2 e5 10. Ng5 h6 11. Nge4 Nxe4 12. dxe4 Bg4 13. Nf3 Qd7 14. Rd1 Bh3 15.
Ne1 Bxg2 16. Kxg2 f5 17. f4 exf4 18. Bxf4 g5 19. Be3 f4 20. Bf2 Qe6 21. Rab1
Ne5 22. Rdc1 Ng4 23. Nf3 fxg3 24. hxg3 Nxf2 25. Kxf2 g4 26. Rh1 gxf3 27. exf3
Qg4 28. f4 h5 29. Rbg1 Rad8 30. Qd3 Kf7 31. b4 h4 32. e5 Ke8 33. Qe4 hxg3+ 34.
Ke1 Rxf4 35. Qxb7 Re4+ 36. Kd2 Qe2+ 37. Kc1 Qxc4+ 38. Kd1 Qb3+ 0-1

[Event "Høstturnering 2003"]
[Site "Ski, Akershus NOR"]
[Date "2003.10.28"]
[Round "4"]
[White "Lea, Per"]
[Black "Olsen, Trygve"]
[Result "1-0"]
[WhiteElo "1672"]
[BlackElo "1354"]
[PlyCount "49"]
[EventDate "2003.09.18"]

1. e4 d6 2. d4 b6 3. Bc4 e6 4. f4 Be7 5. Nf3 Bb7 6. d5 e5 7. fxe5 Bh4+ 8. g3
Be7 9. O-O dxe5 10. Nxe5 Bc5+ 11. Kg2 Nf6 12. Bg5 Qe7 13. Bxf6 gxf6 14. Nf3 Nd7
15. Nc3 O-O-O 16. Qe2 Ba8 17. Ba6+ Kb8 18. a4 Bd6 19. a5 f5 20. exf5 Qxe2+ 21.
Bxe2 Nf6 22. axb6 axb6 23. Bb5 Ng4 24. Rxa8+ Kxa8 25. Bc6+ 1-0

[Event "Høstturnering 2003"]
[Site "Ski, Akershus NOR"]
[Date "2003.10.30"]
[Round "5"]
[White "Hovland, Arne"]
[Black "Lea, Per"]
[Result "0-1"]
[WhiteElo "1562"]
[BlackElo "1672"]
[PlyCount "128"]
[EventDate "2003.09.18"]

1. d4 d5 2. Nc3 Nf6 3. Bg5 e6 4. e3 Be7 5. Nf3 Nbd7 6. Be2 O-O 7. O-O c5 8. Ne5
Nxe5 9. dxe5 Nd7 10. Bxe7 Qxe7 11. f4 a6 12. a4 b6 13. Qd2 Bb7 14. Bf3 Rfd8 15.
Qf2 Bc6 16. e4 d4 17. Ne2 Nf8 18. Ra3 Ng6 19. g3 Qb7 20. Qg2 b5 21. h4 b4 22.
Rd3 Bxa4 23. h5 Ne7 24. f5 exf5 25. exf5 Bc6 26. Qh3 c4 27. Bxc6 Nxc6 28. Rdf3
Nxe5 29. R3f2 d3 30. h6 dxe2 31. Rxe2 Nf3+ 32. Kf2 Rd2 33. Qg4 Rxe2+ 34. Kxe2
Re8+ 35. Kf2 Qb6+ 36. Kxf3 Qe3+ 37. Kg2 Qe2+ 38. Qxe2 Rxe2+ 39. Kf3 Re8 40. Rd1
a5 41. Rd4 Rc8 42. Rg4 g6 43. Rd4 a4 44. fxg6 hxg6 45. Kf4 a3 46. bxa3 bxa3 47.
c3 a2 48. Rd1 Ra8 49. Ra1 Ra5 50. g4 g5+ 51. Ke4 Kh7 52. Kd4 Kxh6 53. Kxc4 Ra4+
54. Kd5 Rxg4 55. Rxa2 Rg3 56. c4 Rc3 57. c5 g4 58. c6 f5 59. Ra8 f4 60. Ke4 f3
61. Rf8 Rxc6 62. Ke3 Kg5 63. Kf2 Rc2+ 64. Kg3 Rg2# 0-1

[Event "Høstturnering 2003"]
[Site "Ski, Akershus NOR"]
[Date "2003.10.30"]
[Round "5"]
[White "Furnes, Torstein"]
[Black "Johansen, Trond Arne"]
[Result "0-1"]
[WhiteElo "1494"]
[BlackElo "1743"]
[PlyCount "48"]
[EventDate "2003.09.18"]

1. d4 d5 2. c4 e6 3. Nc3 Nf6 4. Bg5 Be7 5. e3 c6 6. Nf3 O-O 7. cxd5 exd5 8. Bd3
Bg4 9. h3 Bh5 10. g4 Bg6 11. Bxg6 fxg6 12. Ne5 Nfd7 13. Bxe7 Qxe7 14. Nxd7 Nxd7
15. Qc2 Qh4 16. Rh2 Rf3 17. O-O-O Rxh3 18. Rxh3 Qxh3 19. Qb3 Nb6 20. a4 Rb8 21.
a5 Nc4 22. a6 Qxg4 23. e4 Qf4+ 24. Kb1 bxa6 0-1

[Event "Høstturneringen 2003"]
[Site "Ås, Akershus NOR"]
[Date "2003.10.23"]
[Round "5"]
[White "Simonsen, Steinar"]
[Black "Bakken, Svein-Erik"]
[Result "0-1"]
[WhiteElo "1548"]
[BlackElo "1345"]
[PlyCount "72"]

1. e4 c5 2. Nf3 Nc6 3. d4 cxd4 4. Nxd4 a6 5. Nc3 e6 6. Nxc6 bxc6 7. Bd3 Qc7 8.
Bg5 Be7 9. Qd2 Nf6 10. O-O O-O 11. Rfe1 d6 12. Rad1 Rd8 13. Qe2 Bb7 14. f4 Rd7
15. Kh1 a5 16. e5 dxe5 17. fxe5 Nd5 18. Ne4 Bxg5 19. Nxg5 h6 20. Nh3 c5 21. Qd2
c4 22. Bf1 Rad8 23. Qe2 c3 24. b3 Nb4 25. Rxd7 Rxd7 26. a3 Rd2 27. Qb5 Bc6 28.
Qc4 Nxc2 29. Re2 Nxa3 30. Qf4 Rxe2 31. Bxe2 c2 32. Qc1 Nb5 33. Ng1 Nd4 34. Bd3
Qb7 35. Bf1 Qxb3 36. Ne2 Nxe2 0-1

[Event "Høstturnering 2003"]
[Site "Ski, Akershus NOR"]
[Date "2003.11.06"]
[Round "6"]
[White "Simonsen, Steinar"]
[Black "Furnes, Torstein"]
[Result "1/2-1/2"]
[WhiteElo "1548"]
[BlackElo "1494"]
[PlyCount "93"]
[EventDate "2003.09.18"]

1. e4 c5 2. Nf3 Nc6 3. d4 cxd4 4. Nxd4 e5 5. Nxc6 bxc6 6. Bc4 Nf6 7. Nc3 Bb4 8.
Bd2 O-O 9. O-O d6 10. Bd3 Be6 11. a3 Ba5 12. Ne2 Bxd2 13. Qxd2 Qb6 14. b4 a5
15. bxa5 Qxa5 16. c3 Qc5 17. a4 Ra5 18. h3 Rfa8 19. Rfb1 h6 20. Bc2 Bc4 21. Ng3
Bb5 22. Nf5 Bxa4 23. Rxa4 Rxa4 24. Bxa4 Rxa4 25. Nxh6+ Kh7 26. Nxf7 Nxe4 27.
Ng5+ Nxg5 28. Qxg5 Qa7 29. Qh5+ Kg8 30. Qe8+ Kh7 31. Rb8 Kh6 32. Qe6+ Kh7 33.
Qf5+ g6 34. Qf8 Qg7 35. Qc8 Ra1+ 36. Kh2 Kh6 37. Rb7 Qf6 38. Qg4 Qf4+ 39. Qxf4+
exf4 40. Rc7 Ra6 41. Rf7 Kg5 42. h4+ Kxh4 43. Rxf4+ Kg5 44. Rd4 d5 45. f3 Ra3
46. Rd3 Kf5 47. g3 1/2-1/2

[Event "Høstturnering 2003"]
[Site "Ski, Akershus NOR"]
[Date "2003.11.06"]
[Round "6"]
[White "Lea, Per"]
[Black "Lund, Alf Haakon"]
[Result "0-1"]
[WhiteElo "1672"]
[BlackElo "1516"]
[PlyCount "70"]
[EventDate "2003.09.18"]

1. e4 c6 2. d4 d5 3. Nc3 dxe4 4. Nxe4 Nf6 5. Nxf6+ gxf6 6. Bf4 Bf5 7. Bc4 e6 8.
Qd2 Bd6 9. Ne2 Bxf4 10. Nxf4 Qd6 11. O-O-O Nd7 12. Rhe1 Nb6 13. Bb3 Nd5 14.
Nxd5 cxd5 15. Ba4+ Ke7 16. Re3 Rhc8 17. Bb3 Rc7 18. Rc3 Rac8 19. Rxc7+ Rxc7 20.
h3 b6 21. Re1 a5 22. a3 Qh2 23. f3 Qg3 24. c3 Qd6 25. g4 Bg6 26. f4 Kd8 27. Bc2
Bxc2 28. Kxc2 Re7 29. Qe3 b5 30. h4 b4 31. axb4 axb4 32. cxb4 Qxb4 33. Kb1 Rb7
34. Re2 Qa4 35. Qc3 Qd1+ 0-1

[Event "Høstturnering 2003"]
[Site "Ski, Akershus NOR"]
[Date "2003.11.20"]
[Round "7"]
[White "Furnes, Torstein"]
[Black "Lea, Per"]
[Result "0-1"]
[WhiteElo "1494"]
[BlackElo "1672"]
[PlyCount "92"]
[EventDate "2003.09.18"]

1. d4 Nf6 2. c4 g6 3. Nc3 Bg7 4. e4 d6 5. Nf3 O-O 6. Be2 Nbd7 7. O-O e5 8. Bg5
h6 9. Bh4 g5 10. Bg3 Nh5 11. dxe5 Nxg3 12. hxg3 Nxe5 13. Nxe5 dxe5 14. Qc2 c6
15. Rad1 Qc7 16. Rd2 Be6 17. Rfd1 Rad8 18. a3 Rd4 19. Rxd4 exd4 20. Nb1 c5 21.
Nd2 f5 22. Bd3 f4 23. gxf4 Qxf4 24. Nf1 h5 25. g3 Qf6 26. Nh2 g4 27. Rf1 h4 28.
Qe2 Qg5 29. gxh4 Qxh4 30. f3 g3 31. Ng4 Rf4 32. Qg2 Bxg4 33. fxg4 Rxf1+ 34.
Kxf1 Qxg4 35. Be2 Qf4+ 36. Qf3 Qh4 37. e5 Qh3+ 38. Ke1 Qh4 39. Qd5+ Kh8 40.
Qxc5 g2+ 41. Kd2 g1=Q 42. Qc8+ Kh7 43. Bd3+ Kh6 44. Qe6+ Bf6 45. exf6 Qhf2+ 46.
Be2 Qe3+ 0-1

[Event "Høstturnering 2003"]
[Site "Ski, Akershus NOR"]
[Date "2003.12.04"]
[Round "8"]
[White "Lea, Per"]
[Black "Solem, Trond"]
[Result "0-1"]
[WhiteElo "1672"]
[BlackElo "2125"]
[PlyCount "46"]
[EventDate "2003.09.18"]

1. e4 g6 2. d4 Bg7 3. c4 c5 4. Nf3 cxd4 5. Nxd4 Nc6 6. Be3 Nf6 7. Nc3 d6 8. Be2
O-O 9. O-O Bd7 10. Rc1 Re8 11. a3 b6 12. b4 Qc7 13. Nd5 Qb7 14. Nb5 Rac8 15.
Nxe7+ Rxe7 16. Nxd6 Qb8 17. Nxc8 Bxc8 18. f3 Rd7 19. Qe1 Nd4 20. Rd1 Nc2 21.
Qc3 Ng4 22. Bf4 Qxf4 23. g3 Qh6 0-1

[Event "Høstturnering 2003"]
[Site "Ski, Akershus NOR"]
[Date "2004.01.08"]
[Round "9"]
[White "Pettersen, Erling"]
[Black "Lea, Per"]
[Result "0-1"]
[WhiteElo "1323"]
[BlackElo "1672"]
[PlyCount "90"]
[EventDate "2003.09.18"]

1. e4 e5 2. Nf3 Nc6 3. Bc4 Nf6 4. O-O Nxe4 5. Re1 d5 6. Bb5 Bc5 7. d4 exd4 8.
Nxd4 O-O 9. c3 Nxf2 10. Kxf2 Qh4+ 11. Kg1 Nxd4 12. Be3 Bg4 13. Qd2 Ne2+ 14.
Rxe2 Bxe2 15. Bxc5 Bxb5 16. Bxf8 Rxf8 17. Na3 Bc6 18. Nc2 Re8 19. Nd4 Bd7 20.
Nf3 Qh5 21. Qf4 Qg4 22. Qxc7 Re2 23. Qg3 Qxg3 24. hxg3 Rxb2 25. Nd4 Kf8 26. a4
a6 27. Ra3 b5 28. axb5 Bxb5 29. Nxb5 axb5 30. Ra8+ Ke7 31. Ra7+ Ke6 32. Ra6+
Ke5 33. Ra7 b4 34. cxb4 d4 35. Rxf7 d3 36. Rd7 d2 37. Kh2 Ke4 38. b5 Ke3 39.
Re7+ Kd3 40. Rd7+ Kc2 41. Rc7+ Kb1 42. Rd7 Kc1 43. Rc7+ Rc2 44. b6 d1=Q 45. b7
Qd8 0-1

[Event "Høstturnering 2003"]
[Site "Ski, Akershus NOR"]
[Date "2004.01.08"]
[Round "9"]
[White "Furnes, Torstein"]
[Black "Lystad, Frank"]
[Result "0-1"]
[WhiteElo "1494"]
[BlackElo "1376"]
[PlyCount "114"]
[EventDate "2003.09.18"]

1. d4 d5 2. c4 e6 3. Nc3 Nf6 4. Bg5 Be7 5. e3 O-O 6. Nf3 a6 7. cxd5 exd5 8. Qb3
c6 9. Bd3 Nbd7 10. O-O h6 11. Bh4 Nh5 12. Bxe7 Qxe7 13. Rac1 Nhf6 14. Bb1 Ne8
15. Qc2 Ndf6 16. Rfe1 Nd6 17. Ne5 Bf5 18. Qe2 Bxb1 19. Nxb1 Nd7 20. Nxd7 Qxd7
21. Nd2 Rfe8 22. Nf3 Re6 23. Ne5 Qe7 24. Qg4 Ne4 25. f3 Nf6 26. Qf5 Re8 27. Rc3
Nd7 28. Nxd7 Qxd7 29. Qd3 Rg6 30. e4 dxe4 31. Rxe4 Rxe4 32. Qxe4 Re6 33. Qh4
Rd6 34. Rd3 c5 35. Qe4 Rxd4 36. Rxd4 cxd4 37. Kf2 d3 38. Ke1 d2+ 39. Kd1 Qb5
40. Kxd2 Qxb2+ 41. Qc2 Qxc2+ 42. Kxc2 Kf8 43. Kd3 Ke7 44. Kd4 Kd6 45. f4 b5 46.
g4 g6 47. h4 f6 48. Ke4 a5 49. Kd4 Kc6 50. Ke4 b4 51. Kd4 a4 52. Kc4 b3 53.
axb3 axb3 54. Kxb3 Kd5 55. g5 hxg5 56. f5 gxf5 57. h5 Ke6 0-1

[Event "Klubbmesterskap 2003"]
[Site "Ski, Akershus NOR"]
[Date "2003.01.23"]
[Round "1"]
[White "Lea, Per"]
[Black "Andersen, Odd"]
[Result "1-0"]
[WhiteElo "1669"]
[BlackElo "1702"]
[PlyCount "41"]
[EventDate "2003.01.23"]

1. e4 d5 2. exd5 Nf6 3. d4 Nxd5 4. c4 Nb6 5. Nf3 c6 6. Be3 Bg4 7. Nbd2 N8d7 8.
Be2 e6 9. O-O Be7 10. Ne5 Bxe2 11. Qxe2 O-O 12. f4 Rc8 13. f5 Nxe5 14. dxe5
exf5 15. Rxf5 Qd7 16. Raf1 Rcd8 17. b3 Qe6 18. Ne4 f6 19. exf6 Qxe4 20. fxe7
Qxe7 21. Bc5 1-0

[Event "Klubbmesterskap 2003"]
[Site "Ski, Akershus NOR"]
[Date "2003.01.23"]
[Round "1"]
[White "Furnes, Torstein"]
[Black "Olsen, Trygve"]
[Result "0-1"]
[WhiteElo "1532"]
[BlackElo "1277"]
[PlyCount "80"]
[EventDate "2003.01.23"]

1. d4 d5 2. c4 c6 3. e3 Nf6 4. Nf3 Be6 5. c5 Bg4 6. Be2 Qd7 7. Ne5 Bxe2 8. Qxe2
Qe6 9. Nd2 Nbd7 10. Ndf3 Nxe5 11. Nxe5 g6 12. O-O Bg7 13. b4 a6 14. Bb2 h5 15.
a4 g5 16. f4 g4 17. f5 Qc8 18. Nd3 Qc7 19. Nf2 g3 20. hxg3 Qxg3 21. e4 h4 22.
Ra3 Qc7 23. e5 Nh5 24. Qg4 Qd7 25. Rf3 O-O-O 26. Qxh4 f6 27. Nd3 Rdg8 28. Qe1
Bh6 29. Bc1 Rg4 30. Bxh6 Rxh6 31. Qe3 Rg5 32. Kf2 Ng7 33. e6 Qe8 34. Rg1 Nxf5
35. Rxf5 Rxf5+ 36. Ke2 Qh5+ 37. g4 Qh2+ 38. Kd1 Rh3 39. Qe1 Rxd3+ 40. Kc1 Rf2
0-1

[Event "Klubbmesterskap 2003"]
[Site "Ski, Akershus NOR"]
[Date "2003.01.30"]
[Round "2"]
[White "Thowsen, Alf Geir"]
[Black "Furnes, Torstein"]
[Result "0-1"]
[WhiteElo "1328"]
[BlackElo "1464"]
[PlyCount "58"]
[EventDate "2003.01.23"]

1. d4 d5 2. c4 e6 3. Nc3 Nf6 4. Bg5 Be7 5. Nf3 O-O 6. cxd5 exd5 7. e3 c6 8. Bd3
Bg4 9. O-O Nbd7 10. h3 Bh5 11. Be2 Ne4 12. Bxe7 Qxe7 13. Rc1 f5 14. Nd2 Bxe2
15. Qxe2 Rae8 16. Ndxe4 fxe4 17. Rce1 Rf6 18. f3 exf3 19. Rxf3 Re6 20. a3 Nb6
21. Nd1 Nc4 22. Qd3 Qg5 23. Re2 Re4 24. Kf2 Nd6 25. Nc3 R4e6 26. Rf4 Rxe3 27.
Rxe3 Qxf4+ 28. Rf3 Qc1 29. Qb1 Ne4+ 0-1

[Event "Klubbmesterskap 2003"]
[Site "Ski, Akershus NOR"]
[Date "2003.01.30"]
[Round "2"]
[White "Lea, Per"]
[Black "Christoffersen, Terje"]
[Result "1-0"]
[WhiteElo "1669"]
[BlackElo "1597"]
[PlyCount "117"]
[EventDate "2003.01.23"]

1. e4 c6 2. d4 d5 3. Nc3 dxe4 4. Nxe4 Nf6 5. Nxf6+ gxf6 6. Bf4 Bf5 7. Qd2 e6 8.
Nf3 Nd7 9. O-O-O h5 10. Nh4 Bh7 11. Bd3 Bxd3 12. Qxd3 Qa5 13. Kb1 O-O-O 14. Qe2
Be7 15. Nf3 Nb6 16. Rhe1 Rhg8 17. g3 Nd5 18. Bd2 Qa4 19. b3 Qa3 20. c4 Nb4 21.
Bc1 Qa5 22. a3 Na6 23. Qd2 Qb6 24. Qc3 Nc7 25. Nh4 Qa6 26. Ka2 b5 27. c5 Nd5
28. Qd2 b4 29. Bb2 Nc3+ 30. Bxc3 Qxa3+ 31. Kb1 Qxb3+ 32. Bb2 Bxc5 33. Qc2 Qxc2+
34. Kxc2 Bb6 35. f4 Rd5 36. Nf3 Kb7 37. Kb3 a5 38. Rd3 Ka6 39. Kc4 Rgd8 40.
Red1 Rg8 41. Nd2 Rc8 42. Ne4 Rf5 43. Nd6 Rd8 44. Nxf5 exf5 45. d5 cxd5+ 46.
Rxd5 Rc8+ 47. Kb3 Re8 48. Bxf6 Re3+ 49. R1d3 Re1 50. Bd8 Ra1 51. Bxb6 Kxb6 52.
Rxf5 Ra3+ 53. Kc4 Ra2 54. Rxf7 Kc6 55. Rf6+ Kc7 56. Kb5 Ra1 57. Rf7+ Kc8 58.
Kb6 Rc1 59. Rf8# 1-0

[Event "Klubbmesterskap 2003"]
[Site "Ski, Akershus NOR"]
[Date "2003.02.06"]
[Round "3"]
[White "Hovland, Arne"]
[Black "Lea, Per"]
[Result "1-0"]
[WhiteElo "1528"]
[BlackElo "1669"]
[PlyCount "37"]
[EventDate "2003.01.23"]

1. d4 d5 2. c4 e5 3. dxe5 d4 4. Nf3 Nc6 5. g3 Be6 6. Nbd2 Bb4 7. Bg2 Bxc4 8.
O-O Bxd2 9. Bxd2 f6 10. Re1 fxe5 11. e3 d3 12. Rc1 Ba6 13. Rxc6 bxc6 14. Nxe5
Bb7 15. Qb3 Qf6 16. Qxb7 Rd8 17. Bxc6+ Kf8 18. Bb4+ Ne7 19. Qxc7 1-0

[Event "Klubbmesterskap 2003"]
[Site "Ski, Akershus NOR"]
[Date "2003.02.06"]
[Round "3"]
[White "Furnes, Torstein"]
[Black "Nord, Knut"]
[Result "1-0"]
[WhiteElo "1464"]
[BlackElo "1244"]
[PlyCount "45"]
[EventDate "2003.01.23"]

1. d4 d5 2. c4 e6 3. Nc3 Bb4 4. Nf3 Nc6 5. Bg5 Nf6 6. e3 h6 7. Bh4 g5 8. Bg3
Ne4 9. Qc2 Nxg3 10. hxg3 Bd7 11. a3 Bxc3+ 12. Qxc3 Qe7 13. cxd5 exd5 14. Bd3
O-O-O 15. b4 f6 16. b5 Nb8 17. Rc1 Qd6 18. a4 c6 19. Qa5 a6 20. bxa6 Qc7 21.
axb7+ Qxb7 22. Rb1 Qc7 23. Ba6+ 1-0

[Event "Klubbmesterskap 2003"]
[Site "Ski, Akershus NOR"]
[Date "2003.02.27"]
[Round "4"]
[White "Lea, Per"]
[Black "Næssvold, Kjell"]
[Result "0-1"]
[WhiteElo "1669"]
[BlackElo "1821"]
[PlyCount "48"]
[EventDate "2003.01.23"]

1. e4 c5 2. Nf3 e6 3. d4 cxd4 4. Nxd4 Nc6 5. Be2 Nxd4 6. Qxd4 Ne7 7. Bg5 Nc6 8.
Qd2 Qb6 9. Nc3 a6 10. O-O-O Qa5 11. a3 b5 12. Be3 b4 13. Nb1 Rb8 14. axb4 Nxb4
15. Bc4 Be7 16. Bd4 O-O 17. f4 d5 18. exd5 exd5 19. Bb3 Na2+ 20. Bxa2 Qxa2 21.
Bc3 Be6 22. f5 Bxf5 23. Qxd5 Bg5+ 24. Rd2 Qxd5 0-1

[Event "Klubbmesterskap 2003"]
[Site "Ski, Akershus NOR"]
[Date "2003.02.27"]
[Round "4"]
[White "Høyer, Tor"]
[Black "Furnes, Torstein"]
[Result "0-1"]
[WhiteElo "1168"]
[BlackElo "1464"]
[PlyCount "90"]
[EventDate "2003.01.23"]

1. d4 d5 2. c4 e6 3. Nc3 Nf6 4. Bg5 Be7 5. e3 O-O 6. Nf3 Nbd7 7. Bd3 dxc4 8.
Bxc4 c5 9. O-O b6 10. Qc2 Bb7 11. Be2 cxd4 12. exd4 Nd5 13. Bxe7 Qxe7 14. Nxd5
Bxd5 15. b3 Rac8 16. Qd2 Nf6 17. Rfc1 Ne4 18. Qe3 f5 19. Rxc8 Rxc8 20. Rc1
Rxc1+ 21. Qxc1 g5 22. Qc8+ Kg7 23. Ne5 Nf6 24. h3 h5 25. Qh8+ Kxh8 26. Ng6+ Kg7
27. Nxe7 Bb7 28. Bf3 Bxf3 29. gxf3 a5 30. a3 Kf7 31. Nc6 Nd5 32. b4 axb4 33.
axb4 Ke8 34. Kg2 Nf4+ 35. Kh2 Nd3 36. b5 Kd7 37. Kg2 Kd6 38. Kf1 Kd5 39. Ke2
Nf4+ 40. Ke3 Nxh3 41. Ne7+ Kc4 42. d5 f4+ 43. Ke4 Nxf2+ 44. Ke5 exd5 45. Nxd5
h4 0-1

[Event "Klubbmesterskap 2003"]
[Site "Ski, Akershus NOR"]
[Date "2003.03.06"]
[Round "5"]
[White "Høva, Frode"]
[Black "Lea, Per"]
[Result "1-0"]
[WhiteElo "1547"]
[BlackElo "1669"]
[PlyCount "29"]
[EventDate "2003.01.23"]

1. d4 Nf6 2. c4 g6 3. Nc3 Bg7 4. e4 d6 5. Be2 O-O 6. Nf3 Nbd7 7. O-O e5 8. Be3
Ng4 9. Bg5 f6 10. Bd2 Nh6 11. b4 c5 12. dxc5 dxc5 13. Nd5 f5 14. Bg5 Nf6 15.
Nxf6+ 1-0

[Event "Klubbmesterskap 2003"]
[Site "Ski, Akershus NOR"]
[Date "2003.03.06"]
[Round "5"]
[White "Furnes, Torstein"]
[Black "Stensland, Martin"]
[Result "1-0"]
[WhiteElo "1464"]
[BlackElo "1255"]
[PlyCount "105"]
[EventDate "2003.01.23"]

1. d4 e6 2. c4 d5 3. Nc3 dxc4 4. e4 Nc6 5. Nf3 Nf6 6. Bxc4 Be7 7. O-O h6 8. Re1
O-O 9. h3 a6 10. a3 b5 11. Bb3 Bb7 12. Bf4 Na5 13. Bc2 Nh5 14. Bh2 Nf6 15. Qd3
c5 16. e5 c4 17. Qe3 Nd5 18. Nxd5 Bxd5 19. Bf4 Bxf3 20. gxf3 Bg5 21. Qe4 g6 22.
Kh2 Bxf4+ 23. Qxf4 Qg5 24. Qxg5 hxg5 25. Rg1 Kg7 26. Rxg5 Rh8 27. Kg3 Rh6 28.
h4 Rah8 29. Rh1 Nc6 30. Rg4 Ne7 31. Rd1 Rh5 32. Be4 Nf5+ 33. Bxf5 Rxf5 34. Rg5
a5 35. Rxf5 gxf5 36. d5 Rd8 37. d6 b4 38. axb4 axb4 39. Rc1 f6 40. f4 fxe5 41.
fxe5 c3 42. bxc3 b3 43. Rb1 Rb8 44. c4 b2 45. c5 Kf7 46. c6 Ke8 47. c7 Rb3+ 48.
Kf4 Kd7 49. Kg5 Rb5 50. f4 Rb3 51. h5 Rg3+ 52. Kf6 Rb3 53. h6 1-0

[Event "Klubbmesterskapet 2003 klasse 3"]
[Site "Ås, Akershus NOR"]
[Date "2003.06.12"]
[Round "5"]
[White "Yazdankhah, Siamak"]
[Black "Vedeld, Vetle W"]
[Result "0-1"]
[WhiteElo "932"]
[BlackElo "856"]
[PlyCount "72"]

1. e4 c5 2. Nf3 Nc6 3. Nc3 d6 4. Bc4 e5 5. O-O Bg4 6. h3 Bxf3 7. Qxf3 Nf6 8.
Ne2 g6 9. c3 Bg7 10. d3 O-O 11. Bg5 Qe7 12. Rfd1 h6 13. Be3 Rad8 14. Bb3 Na5
15. Bd5 Nxd5 16. exd5 c4 17. Bxa7 cxd3 18. Qxd3 b5 19. Bb6 Ra8 20. b4 Nc4 21.
Be3 Nb2 22. Qd2 Nxd1 23. Qxd1 Rfc8 24. Qd3 Qe8 25. Ng3 f5 26. f4 exf4 27. Bxf4
Rxc3 28. Qd2 Rxg3 29. Bxg3 Bxa1 30. Bxd6 Bg7 31. Kh1 Rd8 32. Bf4 g5 33. Be3 Qe5
34. Qc1 f4 35. Bb6 Rxd5 36. Bc7 Qa1 0-1

[Event "Klubbmesterskap 2003"]
[Site "Ski, Akershus NOR"]
[Date "2003.04.29"]
[Round "6"]
[White "Lea, Per"]
[Black "Bilet, Morten"]
[Result "1-0"]
[WhiteElo "1669"]
[BlackElo "1579"]
[PlyCount "61"]
[EventDate "2003.01.23"]

1. e4 e6 2. d4 d5 3. Nc3 Bb4 4. e5 Ne7 5. Bg5 h6 6. Qh5 Bxc3+ 7. bxc3 c5 8.
Bb5+ Bd7 9. a4 cxd4 10. cxd4 Bxb5 11. axb5 Qc7 12. Ne2 Qxc2 13. Bxe7 Kxe7 14.
Rc1 g6 15. Qf3 Qf5 16. Qa3+ Kd8 17. Qd6+ Nd7 18. Rc7 Qb1+ 19. Kd2 Qxb5 20. Nc3
Qc6 21. Rxc6 bxc6 22. Rb1 Re8 23. Na4 Re7 24. Nc5 Ke8 25. Rb7 Rd8 26. Qxc6 a5
27. Rc7 g5 28. Rc8 a4 29. Rxd8+ Kxd8 30. Nb7+ Ke8 31. Qc8# 1-0

[Event "Klubbmesterskap 2003"]
[Site "Ski, Akershus NOR"]
[Date "2003.03.20"]
[Round "6"]
[White "Furnes, Torstein"]
[Black "Simonsen, Steinar"]
[Result "0-1"]
[WhiteElo "1464"]
[BlackElo "1521"]
[PlyCount "74"]
[EventDate "2003.01.23"]

1. d4 d5 2. c4 dxc4 3. e4 e5 4. Nf3 Bg4 5. Qa4+ c6 6. Nxe5 b5 7. Qc2 Be6 8. Be3
Bb4+ 9. Nc3 Ba5 10. a3 Nf6 11. Be2 Bc8 12. O-O O-O 13. f4 Bb7 14. g4 Bb6 15.
Rad1 Nbd7 16. Nxd7 Qxd7 17. f5 Rfe8 18. g5 Nd5 19. Nxd5 cxd5 20. e5 Rxe5 21.
dxe5 Bxe3+ 22. Kg2 d4+ 23. Bf3 d3 24. Qc3 Bxg5 25. Bxb7 Qxb7+ 26. Rf3 Qe4 27.
Re1 Qg4+ 28. Rg3 Qxf5 29. Rf3 Qe6 30. Ref1 d2 31. Rd1 Qg4+ 32. Kh1 Rd8 33. h3
Qe4 34. h4 Bf4 35. e6 fxe6 36. Rg1 Be5 37. Qa5 Qxf3+ 0-1

[Event "Klubbmesterskapet 2003 (A)"]
[Site "Ås, Akershus NOR"]
[Date "2003.03.20"]
[Round "6"]
[White "Andersen, Odd"]
[Black "Bekkelien, Glenn Lewi"]
[Result "0-1"]
[WhiteElo "1702"]
[BlackElo "1659"]
[PlyCount "94"]

1. d4 Nf6 2. c4 e6 3. Nc3 Bb4 4. Bd2 b6 5. a3 Bxc3 6. Bxc3 Bb7 7. e3 O-O 8. Nf3
d5 9. cxd5 exd5 10. Bd3 Nbd7 11. O-O Ne4 12. Rc1 c5 13. Qe2 Qe7 14. Bb1 a5 15.
Bd3 c4 16. Bb1 b5 17. Qe1 Nxc3 18. Qxc3 f5 19. Nd2 Ra6 20. f3 b4 21. axb4 axb4
22. Qc2 Qxe3+ 23. Kh1 Qxd4 24. Rce1 Rh6 25. Re2 c3 26. bxc3 bxc3 27. Nb3 Qf4
28. h3 Ba6 29. Rfe1 Bxe2 30. Rxe2 d4 31. Qd3 Ne5 32. Qxd4 Qxd4 33. Nxd4 Rd6 34.
Ba2+ Kh8 35. Nb5 Rd2 36. Nxc3 Rxe2 37. Nxe2 f4 38. Bd5 g5 39. h4 h6 40. hxg5
hxg5 41. Nc3 Rd8 42. Be4 Nc4 43. Nd5 Nd2 44. Nc3 Rc8 45. Ne2 Nxe4 46. fxe4 Rc4
47. e5 Re4 0-1